000 00360nam a22001337a 4500
082 _a604.2
_bSMI
_cL-12, P-56
100 _aSmith, Robert.
_940324
245 _aPattern Development.
260 _aLondon
_bCassell & Co. Ltd
_c1962
300 _avii, 88 p. :
_bill,:
_c8 Cm
526 _a0
_b0
_c0
_d604_200000000000000_SMI
650 _aMCE
_9379
942 _2ddc
_cBK
999 _c544650
_d544650